| Tag |
First Indicator |
Second Indicator |
Subfields |
| LEADER |
00000cam a2200000 a 4500 |
| 001 |
in00001402984 |
| 005 |
20151020053112.0 |
| 008 |
930209s1992 deu b 001 0 eng d |
| 020 |
|
|
|a 0936388560
|
| 035 |
|
|
|a (OCoLC)27398876
|
| 035 |
|
|
|9 AHM7030AM
|
| 040 |
|
|
|a VYF
|c VYF
|d TXA
|d UtOrBLW
|
| 049 |
|
|
|a TXAM
|
| 090 |
|
|
|a PQ6358.F5
|b R5 1992
|
| 100 |
1 |
|
|a Riley, E. C.
|
| 245 |
1 |
0 |
|a Cervantes's theory of the novel /
|c by E.C. Riley.
|
| 264 |
|
1 |
|a Newark :
|b Juan de la Cuesta,
|c [1992]
|
| 264 |
|
4 |
|c ©1992
|
| 300 |
|
|
|a xii, 244 pages ;
|c 21 cm.
|
| 336 |
|
|
|a text
|b txt
|2 rdacontent
|
| 337 |
|
|
|a unmediated
|b n
|2 rdamedia
|
| 338 |
|
|
|a volume
|b nc
|2 rdacarrier
|
| 490 |
1 |
|
|a Documentación cervantina ;
|v 13
|
| 504 |
|
|
|a Includes bibliographical references and indexes.
|
| 600 |
1 |
0 |
|a Cervantes Saavedra, Miguel de,
|d 1547-1616.
|
| 650 |
|
0 |
|a Fiction.
|
| 830 |
|
0 |
|a Juan de la Cuesta Hispanic monographs.
|p Series Documentación cervantina ;
|v no. 13.
|
| 948 |
|
|
|a c:jh
|
| 999 |
|
|
|a MARS
|
| 999 |
f |
f |
|s d33134a9-f99f-3788-97bb-ec4ccd8d106c
|i 0d3976fb-b92a-3686-b1d6-457bb15549f3
|t 0
|
| 952 |
f |
f |
|p normal
|a Texas A&M University
|b College Station
|c Sterling C. Evans Library
|d Evans: Library Stacks
|t 0
|e PQ6358.F5 R5 1992
|h Library of Congress classification
|i unmediated -- volume
|m A14823471730
|
| 998 |
f |
f |
|a PQ6358.F5 R5 1992
|t 0
|l Evans: Library Stacks
|